000 01256nam a2200337 4500
001 0000021302
003 CO-CtgCURN
005 20250429224118.0
007 ta
008 160627s2004 000 0 eng d
020 _a9586168476
040 _aCO-CtgCURN
_bspa
_ccoctgcurn
082 0 _a349.2
_bG65d
100 1 _aGonzález de Cancino, Emilssen.
245 1 0 _aDerecho romano.obligaciones fuentes :
_bobligaciones fuentes /
_cEmilssen González de Cancino.
250 _a2a ed.
260 _aBogotá :
_bUniversidad Externado de Colombia,
_c2004.
300 _a168.
336 _2rdacontent
337 _2rdamedia
_asin mediacion
_bn
338 _2rdacarrier
_avolumen
_bnc
500 _aIncluye indice.
504 _aBibliografia (p. 139-141)
505 8 _aObligaciones.--Acciones reales y personales.--Requisitos de la prestacion.--Obligaciones divisibles e indivisibles.--Obligaciones genericas y especificas.--Obligaciones alternativas.--Obligaciones naturales impropias
650 1 4 _aDerecho romano
_xFuentes.
650 1 4 _aObligaciones
_xDerecho romano.
650 1 4 _aContratos
_xDerecho romano.
908 _a160627
942 _cBK
_h349.2
_iG65d
_2ddc
999 _c39326
_d39326